<?xml version="1.0" encoding="UTF-8"?><?xml-stylesheet type="text/xsl" href="static/style.xsl"?><OAI-PMH xmlns="http://www.openarchives.org/OAI/2.0/" xmlns:xsi="http://www.w3.org/2001/XMLSchema-instance" xsi:schemaLocation="http://www.openarchives.org/OAI/2.0/ http://www.openarchives.org/OAI/2.0/OAI-PMH.xsd"><responseDate>2026-06-29T02:40:39Z</responseDate><request verb="GetRecord" identifier="oai:docta.ucm.es:20.500.14352/17921" metadataPrefix="marc">https://docta.ucm.es/rest/oai/request</request><GetRecord><record><header><identifier>oai:docta.ucm.es:20.500.14352/17921</identifier><datestamp>2024-10-10T15:14:53Z</datestamp><setSpec>com_20.500.14352_14</setSpec><setSpec>col_20.500.14352_15</setSpec></header><metadata><record xmlns="http://www.loc.gov/MARC21/slim" xmlns:dcterms="http://purl.org/dc/terms/" xmlns:xsi="http://www.w3.org/2001/XMLSchema-instance" xmlns:doc="http://www.lyncode.com/xoai" xsi:schemaLocation="http://www.loc.gov/MARC21/slim http://www.loc.gov/standards/marcxml/schema/MARC21slim.xsd">
   <leader>00925njm 22002777a 4500</leader>
   <datafield ind2=" " ind1=" " tag="042">
      <subfield code="a">dc</subfield>
   </datafield>
   <datafield ind2=" " ind1=" " tag="720">
      <subfield code="a">Santos Bueso, Enrique Miguel</subfield>
      <subfield code="e">author</subfield>
   </datafield>
   <datafield ind2=" " ind1=" " tag="720">
      <subfield code="a">Serrador García, Mercedes</subfield>
      <subfield code="e">author</subfield>
   </datafield>
   <datafield ind2=" " ind1=" " tag="720">
      <subfield code="a">Sáenz Francés, Federico</subfield>
      <subfield code="e">author</subfield>
   </datafield>
   <datafield ind2=" " ind1=" " tag="720">
      <subfield code="a">Méndez Hernández, Carmen Dora</subfield>
      <subfield code="e">author</subfield>
   </datafield>
   <datafield ind2=" " ind1=" " tag="720">
      <subfield code="a">Morales Fernández, Laura</subfield>
      <subfield code="e">author</subfield>
   </datafield>
   <datafield ind2=" " ind1=" " tag="720">
      <subfield code="a">Martínez De La Casa Fernández-Borrella, José María</subfield>
      <subfield code="e">author</subfield>
   </datafield>
   <datafield ind2=" " ind1=" " tag="720">
      <subfield code="a">García Feijoo, Julián</subfield>
      <subfield code="e">author</subfield>
   </datafield>
   <datafield ind2=" " ind1=" " tag="720">
      <subfield code="a">Porta Etessam, Mariano Jesús</subfield>
      <subfield code="e">author</subfield>
   </datafield>
   <datafield ind2=" " ind1=" " tag="260">
      <subfield code="c">2017-05-31</subfield>
   </datafield>
   <datafield ind2=" " ind1=" " tag="520">
      <subfield code="a">Case report: The case is presented of a 12 year-old boy with congenital glaucoma and low visual acuity diagnosed with Charles Bonnet syndrome. This consisted of the acute onset of complex, repetitive, persistent, and with visual hallucinations (people, brooms and coffeemakers) of self-limited evolution without treatment. The patient was diagnosed with congenital glaucoma at 3 years of age, and subjected to a trabeculectomy in right eye, and trabeculectomy and keratoplasty in his left eye.
Discussion: Charles Bonnet syndrome symptoms have been described in adults, but their presence in children is poorly reflected in literature, with unknown characteristics and prevalence.</subfield>
   </datafield>
   <datafield ind2=" " ind1=" " tag="520">
      <subfield code="a">Caso clínico: presentamos el caso de un niño de 12 años de edad con glaucoma congénito y baja agudeza visual, diagnosticado de síndrome de Charles Bonnet, consistente en alucinaciones visuales complejas (personas, escobas y cafeteras), repetitivas, persistentes y de aparición brusca, con evolución autolimitada sin tratamiento. El paciente había sido diagnosticado de glaucoma congénito a los 3 años de edad e intervenido mediante trabeculectomía en ojo derecho y trabeculectomía y trasplante de córnea en ojo izquierdo.
Discusión: el síndrome de Charles Bonnet ha sido descrito en adultos, afecta a más del 15% de los pacientes con baja visión, pero su presencia en la edad pediátrica es escasamente reflejada en la literatura, y se desconocen sus características y su prevalencia.</subfield>
   </datafield>
   <datafield ind1="8" ind2=" " tag="024">
      <subfield code="a">Santos Bueso, E., Serrador García, M., Sáenz Francés, F. et al. «Charles Bonnet Syndrome in a Child with Congenital Glaucoma». Archivos de La Sociedad Española de Oftalmología (English Edition), vol. 92, n.o 8, agosto de 2017, pp. 398-400. DOI.org (Crossref), https://doi.org/10.1016/j.oftale.2017.05.004.</subfield>
   </datafield>
   <datafield ind1="8" ind2=" " tag="024">
      <subfield code="a">0365-6691</subfield>
   </datafield>
   <datafield ind1="8" ind2=" " tag="024">
      <subfield code="a">10.1016/j.oftale.2017.05.004</subfield>
   </datafield>
   <datafield ind1="8" ind2=" " tag="024">
      <subfield code="a">https://hdl.handle.net/20.500.14352/17921</subfield>
   </datafield>
   <datafield ind1="8" ind2=" " tag="024">
      <subfield code="a">https://doi.org/10.1016/j.oftale.2017.05.004</subfield>
   </datafield>
   <datafield ind1="8" ind2=" " tag="024">
      <subfield code="a">http://www.elsevier.es/en-revista-archivos-sociedad-espanola-oftalmologia-english-496-articulo-charles-bonnet-syndrome-in-child-S2173579417300993</subfield>
   </datafield>
   <datafield ind1="8" ind2=" " tag="024">
      <subfield code="a">http://www.elsevier.es/es-revista-archivos-sociedad-espanola-oftalmologia-296-avance-resumen-sindrome-charles-bonnet-un-nino-S</subfield>
   </datafield>
   <datafield ind1="8" ind2=" " tag="024">
      <subfield code="a">http://www.sciencedirect.com/science/article/pii/S2173579417300993</subfield>
   </datafield>
   <datafield ind2="0" ind1="0" tag="245">
      <subfield code="a">Charles Bonnet syndrome in a child with congenital glaucoma</subfield>
   </datafield>
</record></metadata></record></GetRecord></OAI-PMH>